| 000 | 01285nam2a22002651 4500 | ||
|---|---|---|---|
| 001 | rc\3554900 | ||
| 005 | 20260408080812.0 | ||
| 021 |
_aRU _b[77-15553] |
||
| 035 | _a(NLR Aleph) 007794764 | ||
| 090 |
_a7663973 _c7663973 |
||
| 100 | _a20130115d1976 |||y0rusy50 ca | ||
| 101 | 0 | _arus | |
| 102 | _aRU | ||
| 105 | _aa z ||||| | ||
| 200 | 1 |
_aМетодика разработки нормативов для нормирования труда _hЧ. 1 _iНормативы времени |
|
| 210 |
_d1976 _aБ. м. |
||
| 215 |
_a184 с., 3 л. табл. _cил. |
||
| 320 | _aСписок лит.: с. 182 (11 назв.) | ||
| 461 | 0 |
_1001rc\1161575 _12001#$aРуководство по нормированию труда в авиационной промышленности$fМ-во авиац. пром-сти СССР$vВып. 3 _97982483 _cМ. _d1980 _fМ-во авиац. пром-сти СССР _tРуководство по нормированию труда в авиационной промышленности _vВып. 3 |
|
| 712 | 0 | 1 |
_aСССР _bМинистерство авиационной промышленности _9706101 _3RU\NLR\AUTH\8810102738 |
| 801 | 0 |
_aRU _bNLR _gpsbo |
|
| 801 | 1 |
_aRU _bELAR _2rusmarc |
|
| 852 |
_aNLR _j77-5/2183 |
||
| 942 | _cBOOK | ||
| 980 | _aNB | ||